Tézy novej vlády

Základ programového vyhlásenia SDKÚ, SMK, KDH a Ano.

Gespeichert in:
Bibliographische Detailangaben
1. Verfasser: Hrabko, Juraj
Format: Buchkapitel
Sprache:Slowakisch
Schlagworte:
Tags: Tag hinzufügen
Keine Tags, Fügen Sie das erste Tag hinzu!

MARC

LEADER 00000naa a2200000 4500
001 r046550
005 20230920080931.3
041 0 |a slo 
044 |a SK 
245 1 0 |a Tézy novej vlády  |c Juraj Hrabko 
520 |a Základ programového vyhlásenia SDKÚ, SMK, KDH a Ano. 
610 2 0 |a programy vládne 
610 2 0 |a strany vládne 
610 2 0 |a politika 
610 2 0 |a Slovensko 
100 1 |a Hrabko, Juraj